000 00587nam a2200181Ia 4500
008 151202s9999||||xx |||||||||||||| ||und||
082 _bPNVM-91392
100 _aशरद पवार
245 _aदुसरी हरितक्रांती
260 _b"अमेय प्रकाशन, पुणे "
260 _c2014
300 _a288
600 _aशरद पवार
630 _aदुसरी हरितक्रांती
700 _aशरद पवार
730 _aदुसरी हरितक्रांती
942 _cBOOK
999 _c1351076
_d1351073